| 000 | 00627nam a22001697a 4500 | ||
|---|---|---|---|
| 003 | BD-DhUL | ||
| 005 | 20160822104439.0 | ||
| 008 | 160822b xxu||||| |||| 00| 0 eng d | ||
| 040 | _cBD-DhUL | ||
| 082 |
_a323.2 _bPUS |
||
| 100 | _aপুনেন্দু দস্তিদার | ||
| 245 |
_aস্বাধীনতা সংগ্রামে চট্টগ্রাম / _cপুনেন্দু দস্তিদার |
||
| 260 |
_aঢাকা : _bবইঘর, _c১৯৮০. |
||
| 300 |
_a৩০০ পৃ. ; _c২২ সেমি. |
||
| 650 |
_aস্বাধীনতা _vIndependence |
||
| 942 |
_2ddc _cBK |
||
| 999 |
_c100215 _d100215 |
||